NLSUI OPAC header image

Making sense of Pakistan (Record no. 32852)

MARC details
000 -LEADER
fixed length control field 00971nam a2200217Ia 4500
003 - CONTROL NUMBER IDENTIFIER
control field OSt
005 - DATE AND TIME OF LATEST TRANSACTION
control field 20210605165742.0
008 - FIXED-LENGTH DATA ELEMENTS--GENERAL INFORMATION
fixed length control field 160316s2009 xxu||||| |||| 00| 0 eng d
020 ## - INTERNATIONAL STANDARD BOOK NUMBER
International Standard Book Number 9781850659655
040 ## - CATALOGING SOURCE
Transcribing agency n
082 ## - DEWEY DECIMAL CLASSIFICATION NUMBER
Classification number 954.910500
Item number SHA
100 ## - MAIN ENTRY--PERSONAL NAME
Personal name Shaikh Farzana
245 ## - TITLE STATEMENT
Title Making sense of Pakistan
260 ## - PUBLICATION, DISTRIBUTION, ETC.
Place of publication, distribution, etc. London
Name of publisher, distributor, etc. Foundation Press
Date of publication, distribution, etc. 2009
300 ## - PHYSICAL DESCRIPTION
Extent 274p
Dimensions IX
365 ## - TRADE PRICE
Price amount Rs. 695
505 ## - FORMATTED CONTENTS NOTE
Formatted contents note Summary: <br/>Pakistan's transformation from a country once projected as a model of Muslim enlightenment to a state threatened by an Islamist take over dominates the headlines. This book argues that the country's social and political decline is rooted primarily in uncertainty about the meaning of Pakistan and the significance of 'being Pakistani'.
650 ## - SUBJECT ADDED ENTRY--TOPICAL TERM
Topical term or geographic name entry element 1. National Characteristics - Pakistani2. Islam & State - Pakistan3. Pakistan - Civilization - Social Conditions4. Pakistan - Foreign Relations
700 ## - ADDED ENTRY--PERSONAL NAME
Personal name
--
942 ## - ADDED ENTRY ELEMENTS (KOHA)
Source of classification or shelving scheme Dewey Decimal Classification
Koha item type BOOKs
Holdings
Withdrawn status Lost status Damaged status Not for loan Home library Current library Shelving location Date acquired Cost, normal purchase price Total Checkouts Full call number Barcode Date last seen Price effective from Koha item type
        NLS NLS   30/05/2017 695.00   954.9105 SHA 29749 30/05/2017 30/05/2017 BOOKs